000 00314nam a2200109Ia 4500
008 171211s9999 xx 000 0 und d
245 _aDirect3D Rendering Cookbook
245 _cJustin Stenning
260 _c2014
650 _xIT eBOOKS
856 _uhttp://down.ebook777.com/020/Direct3D%20Rendering%20Cookbook.pdf
999 _c349837
_d349837